Father Ted Trivia - Statistics

General Stats
  • This quiz has been taken 22 times
  • The average score is 14 of 25
Answer Stats
Hint Answer % Correct
Father Ted is set in this country? Ireland
100%
Father Jack Hackett is addicted to Alcohol
94%
Where exactly? ( ......-Island)? craggy
94%
Dougal does not know the difference between "small" and far away
88%
The Song which Ted and Dougal end up singing at the Song Contest (My lovely....) horse
88%
Father Ted's Housekeeper Mrs Doyle
88%
Who was harmed during that incident? Nuns
82%
Father Jack fears this group of people Nuns
82%
The rather dull Father Stone was struck by what? lightning
71%
Who (Profession) is fathering all the illegitimate children in "Speed 3"? Milkman
71%
Through various misunderstandings, the chinese community on the Island thinks that Ted is a racist
71%
Dougal calls him Len
65%
Bishop Brennan fears them Rabbits
65%
Bishop Brennan's biggest secret is his Son
59%
According to Dougal this attractioon will be present at "Fun Land" Spider Baby
53%
Bishop Brennan's first Name Leonard
47%
Movie denied to Dougal during the visit of the Bishops in "Tentacles of Doom" ? Aliens
29%
"you wouldn't find _______ playing jungle music at three in the morning" Hitler
29%
Nobody was cured by the holy stone of Clonrichert, but someone was _____ there lured
29%
Which "board game" is sarcastically called the "Sport of Kings", by Ted? Buckaroo
24%
Father Jose Fernandez gifts what to Dougal? VCR
24%
Father Hacket ended up on the island becuase he did something bad during a wedding
18%
Father Dougal got into trouble because of which incident? Blackrock
12%
The prize for the raffle, which was ultimately destroyed by Ted and then by Jack, is a blue Rover
12%
The Beast of Craggy Island has a tremendous fear of stamps
12%
No matching quizzes found
Score Distribution
Percent of People with Each Score
Percentile by Number Answered
Your Score History
You have not taken this quiz